Loading...
Indian literature Positions and propositions /
| Main Author: | |
|---|---|
| Language: | Undetermined |
| Published: |
PI ,
|
| LEADER | 00419nam a2200133Ia 4500 | ||
|---|---|---|---|
| 001 | 125987 | ||
| 008 | 170722s9999 xx 000 0 und d | ||
| 100 | |a Satchidanandan, K. | ||
| 245 | |a Indian literature |b Positions and propositions / | ||
| 260 | |b PI , | ||
| 923 | |d 20000619 |n SBS-T/033 | ||
| 942 | |c GEN | ||
| 999 | |c 121779 |d 121779 | ||
| 952 | |0 0 |1 0 |4 0 |7 0 |9 172249 |a LIB |b LIB |d 2013-03-25 |e Southern Book Star |p 238839 |r 2017-08-12 |w 2017-08-12 |y GEN | ||